| 000 | 00353nam a2200133Ia 4500 | ||
|---|---|---|---|
| 008 | 240624s9999 xx 000 0 und d | ||
| 041 | _aeng | ||
| 082 | _a158.4 SIN | ||
| 100 | _aSINCLAIR AMANDA | ||
| 245 | _aLEADERSHIP FOR THE DISILLUSIONED MOVING | ||
| 260 |
_c2007 _aNew Delhi _bViva Books |
||
| 300 | _axxiv, : 216 : p. : cm. ; 23 | ||
| 365 |
_cRS _b30 |
||
| 999 |
_c14472 _d14472 |
||